| 000 | 01727ngm a22003850a 4500 | ||
|---|---|---|---|
| 001 | PT16668 | ||
| 003 | AR-LpoUNG | ||
| 005 | 20210202000220.0 | ||
| 007 | vd cvaizq | ||
| 008 | 191001s1993||||ag |||||||||||||||||spa d | ||
| 037 | _c$8.3 | ||
| 040 |
_aAR-LpoUNG _bspa _cAR-LpoUNG _eaacr |
||
| 041 | _aspa | ||
| 044 | _aag | ||
| 082 | 0 | _a982.064 792mur | |
| 100 | 1 |
_aStantic, Lita _edir. |
|
| 245 | 1 | 3 | _aUn muro de silencio |
| 260 |
_aSan Luis : _bTranseuropa Video Entertainment, _c[1993]. |
||
| 300 | _aVHS (107 min.) : son., col. | ||
| 505 | 0 | _aGuión: Graciela Maglie ; música: Néstor Marconi. | |
| 520 | _aUna mujer quiere rehacer su vida junto a la única hija de su primer matrimonio y junto a su nuevo esposo; pero un hecho inesperado la obliga a volver hacia el pasado : una directora de cine inglesa, ha llegado para filmar una película basada en un doloroso fragmento de su vida ligada a un momento trágico de la historia argentina. A medida que la directora avanza en el rodaje de la película, presiona para conocer al personaje real que se esconde tras la ficción, en el intento de descifrar ciertas claves del drama de esa mujer y de este país que le son ajenos, asi la mujer comienza a revivir, primero compulsivamente y luego conscientemente, ese pasado que creyó superado. | ||
| 650 | 4 | _aARGENTINA | |
| 650 | 4 | _aCOMPORTAMIENTO SOCIAL | |
| 650 | 4 | _aDICTADURA | |
| 650 | 4 | _aGOBIERNO MILITAR | |
| 650 | 4 | _aHISTORIA | |
| 650 | 4 | _aVALORES SOCIALES | |
| 651 | 4 | _aArgentina | |
| 653 | _aCINE ARGENTINO | ||
| 653 | _aVIDEOS | ||
| 710 | 2 | _aAleph Producciones (firma comercial) | |
| 710 | 2 | _aInstituto Méxicano de Cinematografía (México, D.F.) | |
| 905 | _a16668 | ||
| 942 | _cVIDEO | ||
| 999 |
_c54361 _d54361 |
||